01424nam a2200361 a 4500001001100000003000800011006001900019007001500038008004100053010001700094020001500111040002100126035002000147050002300167082001700190100004400207245008400251246004900335260004400384300001600428490002400444504005200468533015200520600005700672650002600729651005100755651004300806655002900849710001700878830002500895856012500920999001701045ebr5003545CaPaEBRm u cr cn|||||||||941024s1995 enk sb 000 0 eng  z 94039263  z0415107288 aCaPaEBRcCaPaEBR a(OCoLC)5051346314aDA332b.N49 1995eb04a942.03/42201 aNewcombe, D. G.q(David Gordon),d1952-10aHenry VIII and the English Reformationh[electronic resource] /cD.G. Newcombe.1 aHenry the Eighth and the English Reformation aLondon ;aNew York :bRoutledge,c1995. axiii, 82 p.1 aLancaster pamphlets aIncludes bibliographical references (p. 80-82). aElectronic reproduction.bPalo Alto, Calif. :cebrary,d2013.nAvailable via World Wide Web.nAccess may be limited to ebrary affiliated libraries.00aHenrybVIII,cKing of England,d1491-1547xReligion. 0aReformationzEngland. 0aGreat BritainxHistoryyHenry VIII, 1509-1547. 0aEnglandxChurch historyy16th century. 7aElectronic books.2local2 aebrary, Inc. 0aLancaster pamphlets.40uhttp://site.ebrary.com/lib/rucke/Doc?id=5003545zAn electronic book accessible through the World Wide Web; click to view c15174d15174